000 00476nam a2200181Ia 4500
001 5846
003 IN-NITTTR
005 20251114233013.0
008 251113s9999||||xx |||||||||||||| ||eng||
040 _beng
040 _cIN-NITTTR
041 _aeng
082 _a370.15 E92E
100 _aEdwards, Allen L.
245 0 _aEducational psychology :
_b the teaching-learning process /
_cEdwards, Allen L., Scannell, Dale P.
700 _a Scannell, Dale P.
942 _2ddc
_cBK
999 _c8483
_d8483